Statistics for Le Festivite

Click here to take the quiz!

General Stats

  • This quiz has been taken 84 times
    (6 since last reset)
  • The average score is 2 of 14

Answer Stats

EN IT % Correct
Mardi GrasMartedì Grasso
67%
April FoolsPrimo d'aprile
33%
Christmas EveVigilia di Natale
33%
CentrepieceCentrotavolo
33%
New Years (Resolution)(Proposito Per) L'Anno Nuovo
0%
Thanksgiving & Valentine's DayGiorno di Ringraziamento / San Valentino
0%
St. Patrick's DayFesta di San Patrizio
0%
Public HolidayFesta Nazionale
0%
FireworksFuoco d'artificio
0%
Christmas WreathGhirlanda Natalizia
0%
Gift WrappingConfezione del Regalo
0%
Father's & Mother's DayFesta del(la) Papa/Mamma
0%
Independence DayGiorno dell'independenza
0%
LeprechaunFolletto
0%

Score Distribution

Percentile by Number Answered

Percent of People with Each Score

Your Score History

You have not taken this quiz since the last reset